La soberanía
Saved in:
| Hovedforfatter: | |
|---|---|
| Format: | Bog |
| Sprog: | spansk |
| Udgivet: |
Madrid
Rialp
1957
|
| Udgivelse: | 1a. ed |
| Serier: | Biblioteca del Pensamiento Actual
|
| Fag: | |
| Tags: |
Tilføj Tag
Ingen Tags, Vær først til at tagge denne postø!
|
MARC
| LEADER | 00000cam a2200000 a 4500 | ||
|---|---|---|---|
| 001 | UCU9165 | ||
| 003 | CL-VaPUC | ||
| 008 | 960809e19570000SP |||||||||||||||||spa|d | ||
| 082 | 0 | 4 | |a 320.15 |b JOU |2 21 |
| 100 | |a Jouvenel, Bertrand de |e author |9 255706 | ||
| 245 | 1 | 3 | |a La soberanía |
| 250 | |a 1a. ed | ||
| 300 | |a 522 p | ||
| 942 | |c BK | ||
| 945 | |d 19960809 00:00:00 |a nastorga | ||
| 260 | |a Madrid |b Rialp |c 1957 | ||
| 650 | 0 | |a Soberanía |9 266726 | |
| 650 | 0 | |a Autoridad |9 257105 | |
| 650 | 0 | |a Justicia |9 255408 | |
| 650 | 0 | |a Jueces |9 256162 | |
| 650 | 0 | |a Jefes de estado |9 368246 | |
| 650 | 7 | |a CONCEPOS MORALES |2 CL-VaPUC |9 368247 | |
| 650 | 7 | |a DERECHO A LA LIBERTAD DE EXPRESION |2 CL-VaPUC |9 345571 | |
| 650 | 0 | |a Dictadura |9 341206 | |
| 650 | 0 | |a Política |9 255312 | |
| 583 | |a last modification |c 20161104 05:31:18 |k Rodrigo Vera | ||
| 490 | 0 | |a Biblioteca del Pensamiento Actual | |
| 999 | |c 251034 |d 251032 | ||
| 952 | |0 0 |1 0 |4 0 |6 320_150000000000000_JOU_1957 |7 0 |8 DER_TF |9 269963 |a BIBDER |b BIBDER |d 2019-11-19 |i 321981K |o 320.15 JOU 1957 |p 321981K |r 2023-01-25 |w 2019-11-19 |x Ubicación 4to Piso |y BK |z Estos recursos deben solicitarse con anticipación |k DER | ||
| 952 | |0 0 |1 0 |3 erb |4 0 |6 320_150000000000000_JOU_1957 |7 0 |8 A |9 269964 |a FDOHBE |b FDOHBE |e Huesbe Llanos, Marco Antonio, 1934- |i 530587K |o 320.15 JOU 1957 |p 530587K |r 2024-01-30 |w 2019-11-19 |y BK |z Catalogado en:20160713 |k HBE | ||